|
|
|
|
| LEADER |
00000cam a2200000 7i4500 |
| 001 |
0000014429 |
| 005 |
20080611.0 |
| 040 |
|
|
|a INS
|
| 090 |
0 |
0 |
|a AVO13
|
| 110 |
1 |
|
|a Projek khas kursus penilaian harta pertanian untuk penolong pegawai penilaian
|k 1990 10 - 14 Disember
|c INSPEN, Bangi
|
| 245 |
0 |
0 |
|a Projek khas kursus penilaian harta pertanian untuk penolong pegawai penilaian modiul 2: Bengkel penilaian :
|b 10 - 14 Disember 1990
|c Anjuran Institut Penilaian Negara
|
| 260 |
|
|
|a Bangi :
|b Institut Penilaian Negara ,
|c 1990
|
| 300 |
|
|
|a 1 jil. (Mukasurat pelbagai ) :
|b ill., map. ;
|c 30 cm.
|
| 500 |
|
|
|a Digital document is available on-line; Please click the URL below
|
| 710 |
1 |
|
|a Institut Penilaian Negara
|
| 856 |
|
|
|u http://app.inspen.gov.my:7779/pls/portal/docs/PAGE/CORPORATEPAGES/PORTAL_INSPEN/NOTA_KURSUS/AVO/BX.PDF
|
| 999 |
|
|
|a AVO0000026
|b BOOK
|c Course Notes
|e Default branch
|
| 999 |
|
|
|a AVO0000187
|b BOOK
|c Course Notes
|e Default branch
|
| 999 |
|
|
|a AVO000026
|b BOOK
|c Course Notes
|e Default branch
|
| 999 |
|
|
|a AVO0000304
|b BOOK
|c Course Notes
|e Default branch
|